Nations of the World - Animaniacs - Statistics

General Stats
  • This quiz has been taken 117 times
  • The average score is 54 of 201
Answer Stats
Lyrics % Correct
United States
100%
Canada
97%
Mexico
97%
Panama
96%
Jamaica
91%
Peru
91%
Haiti
90%
Cuba
76%
Republic Dominican
74%
El Salvador
68%
Greenland
66%
Caribbean
63%
Argentina
47%
Bolivia
47%
Guatemala
47%
Puerto Rico
47%
too
47%
Venezuela
47%
Colombia
46%
Brazil
44%
Chile
44%
Ecuador
44%
Guyana
44%
Honduras
44%
and
43%
still
43%
then
43%
and
40%
Costa Rica
37%
Belize
35%
Guam
34%
Iceland
34%
Nicaragua
34%
and
32%
and
32%
and
32%
and
32%
Bahamas
32%
Finland
32%
Germany
32%
in
32%
Norway
32%
now
32%
San Juan
32%
Sweden
32%
and
31%
Bermuda
31%
French Guiana
31%
Greece
31%
Italy
31%
one
31%
Paraguay
31%
piece
31%
Turkey
31%
Uruguay
31%
Albania
29%
and
29%
and
29%
Austria
29%
Barbados
29%
Czechoslovakia
29%
Poland
29%
Romania
29%
Scotland
29%
Suriname
29%
Switzerland
29%
Tobago
29%
Ireland
28%
Oman
28%
Russia
28%
Saudi Arabia
28%
and
26%
and
26%
and
26%
Bahrain
26%
both
26%
Bulgaria
26%
Cyprus
26%
Denmark
26%
England
26%
France
26%
Iran
26%
Iraq
26%
Spain
26%
and
25%
Belgium
25%
Hungary
25%
Israel
25%
Jordan
25%
Kuwait
25%
Lebanon
25%
Portugal
25%
Syria
25%
There's
25%
Yemen's
25%
and
24%
Luxembourg
24%
Netherlands
24%
The
24%
Afghanistan
22%
Bhutan
22%
Burma
22%
India
22%
Nepal
22%
Pakistan
22%
And
21%
Kampuchea
21%
Malaysia
21%
Thailand
21%
Asia
19%
Bangladesh
19%
China
19%
Japan
19%
Korea
19%
then
19%
Algeria
18%
and
18%
and
18%
Australia
18%
Benin
18%
Burundi
18%
Egypt
18%
Fiji
18%
Gabon
18%
Ghana
18%
gone
18%
is
18%
Lesotho
18%
Malawi
18%
Niger
18%
Nigeria
18%
Spanish Sahara
18%
Sudan
18%
The
18%
Togo
18%
and
16%
and
16%
and
16%
Angola
16%
Botswana
16%
Chad
16%
Crete
16%
Djibouti
16%
Guinea
16%
Indonesia
16%
Laos
16%
Liberia
16%
Mauritania
16%
Mongolia
16%
Morocco
16%
Taiwan
16%
The
16%
then
16%
Tibet
16%
Tunisia
16%
Zimbabwe
16%
and
15%
Borneo
15%
Cameroon
15%
Gambia
15%
Liechtenstein
15%
Monaco
15%
Mozambique
15%
New Guinea
15%
New Zealand
15%
Palestine
15%
Philippine Islands
15%
Sierra Leone
15%
Sri Lanka
15%
Sumatra
15%
Then
15%
Transylvania
15%
Uganda
15%
Vietnam
15%
Abu Dhabi
13%
Algiers
13%
and
13%
and
13%
Congo
13%
Ethiopia
13%
Guinea-Bissau
13%
Hong Kong
13%
Kenya
13%
Libya
13%
Madagascar
13%
Mali
13%
Malta
13%
Namibia
13%
Qatar
13%
Senegal
13%
Somalia
13%
Swaziland
13%
Tanzania
13%
Yugoslavia
13%
Zaire
13%
Zambia
13%
and
12%
Cayman
12%
Dahomey
12%
Rwanda
12%
Mahore
6%
No matching quizzes found
Score Distribution
Percent of People with Each Score
Percentile by Number Answered
Your Score History
You have not taken this quiz